000 00440nam a2200157 4500
001 148175
003 ES-MaACL
005 20230906202454.0
007 t|
008 070214s1911 ne r ||||1| ger d
100 1 _aStammler, Rudolf.
_9107878
245 1 0 _aTheorie der Rechtswissenschaft /
_cRudolf Stammler.
260 _aHalle :
_bBuchhandlung des Waisenhauses,
_c1911.
300 _aVII, 851 p. ;
_c24 cm.
852 _aES-MaACL
_jG-180
999 _c148175
_d148175